[Event "World Rapid 2015"]
[Site "Berlin GER"]
[Date "2015.10.10"]
[Round "4.37"]
[White "Anton Guijarro, David"]
[Black "Almasi, Zoltan"]
[Result "1/2-1/2"]
[WhiteElo "2634"]
[BlackElo "2689"]
[PlyCount "74"]
[EventDate "2015.10.10"]
[EventType "rapid"]

1. Nf3 Nf6 2. c4 c5 3. Nc3 Nc6 4. g3 g6 5. d4 cxd4 6. Nxd4 Bg7 7. Bg2 O-O 8.
O-O Qa5 9. e3 d6 10. Bxc6 bxc6 11. Nxc6 Qc7 12. Nd5 Nxd5 13. cxd5 Bb7 14. Bd2
Bxc6 15. Rc1 Bxb2 16. Rxc6 Qd7 17. Qc2 Bf6 18. Kg2 Rab8 19. Rb1 Qg4 20. f3 Qd7
21. e4 h5 22. Be3 Kg7 23. h3 Rfc8 24. Rb3 Rxb3 25. axb3 Rb8 26. Rc7 Qb5 27.
Bxa7 Ra8 28. Bf2 Ra3 29. Qc4 Qxb3 30. Qxb3 Rxb3 31. g4 Rb2 32. Kf1 Kf8 33. Rc8+
Kg7 34. Rc7 Ra2 35. Be3 hxg4 36. hxg4 g5 37. Rc8 Rb2 1/2-1/2

[Event "World Rapid 2015"]
[Site "Berlin GER"]
[Date "2015.10.10"]
[Round "4.38"]
[White "Romanov, Evgeny"]
[Black "Alekseev, Evgeny"]
[Result "1/2-1/2"]
[WhiteElo "2573"]
[BlackElo "2642"]
[PlyCount "57"]
[EventDate "2015.10.10"]
[EventType "rapid"]

1. d4 Nf6 2. c4 e6 3. Nf3 b6 4. g3 Bb7 5. Bg2 Be7 6. O-O O-O 7. Re1 Na6 8. Nc3
Ne4 9. Qc2 Nxc3 10. Ng5 Bxg5 11. Bxb7 Nxa2 12. Bxa8 Bxc1 13. Be4 N6b4 14. Qb3
a5 15. Bb1 Bd2 16. Rf1 Nc1 17. Qd1 Qg5 18. Ra3 d5 19. f4 Qf6 20. e3 dxc4 21.
Qxd2 Nb3 22. Qe2 c5 23. dxc5 b5 24. c6 g6 25. c7 Qe7 26. Rxb3 cxb3 27. Rc1 Rc8
28. Qxb5 Nd5 29. Qxb3 1/2-1/2

[Event "World Rapid 2015"]
[Site "Berlin GER"]
[Date "2015.10.10"]
[Round "4.39"]
[White "Bluebaum, Matthias"]
[Black "Vallejo Pons, Francisco"]
[Result "0-1"]
[WhiteElo "2588"]
[BlackElo "2684"]
[PlyCount "164"]
[EventDate "2015.10.10"]
[EventType "rapid"]

1. d4 f5 2. Bg5 h6 3. Bh4 g5 4. e3 Nf6 5. Bg3 d6 6. Nc3 e6 7. h4 Rg8 8. hxg5
hxg5 9. f3 Qe7 10. Qd2 Nc6 11. O-O-O Bd7 12. e4 f4 13. Bf2 a6 14. g3 fxg3 15.
Bxg3 O-O-O 16. Bc4 Qf7 17. d5 exd5 18. Nxd5 Nxd5 19. Bxd5 Be6 20. Nh3 Be7 21.
Qe2 Nb4 22. Bxe6+ Qxe6 23. a3 Nc6 24. Kb1 g4 25. Nf4 gxf3 26. Qxf3 Qg4 27.
Qxg4+ Rxg4 28. Rh3 Re8 29. Bh2 Bg5 30. Nd5 Rgxe4 31. Rh7 Bd8 32. Bg3 Rg4 33.
Rd3 Reg8 34. Bf4 Rf8 35. Bg3 Rfg8 36. Bf4 R4g7 37. Rdh3 b5 38. Ka2 Nd4 39. c3
Ne6 40. Rxg7 Rxg7 41. Rh8 Kd7 42. Be3 Rf7 43. Kb3 c6 44. Nb6+ Bxb6 45. Bxb6 c5
46. Ra8 Rf2 47. Rxa6 Nf4 48. a4 bxa4+ 49. Rxa4 Nd3 50. c4 Rxb2+ 51. Kc3 Rxb6
52. Kxd3 Rb3+ 53. Ke4 Rc3 54. Kf5 Rc1 55. Ra7+ Kc6 56. Ra6+ Kc7 57. Ra4 Rd1 58.
Ke6 Re1+ 59. Kf5 Rd1 60. Ke6 Rd4 61. Ra7+ Kb6 62. Ra8 Kb7 63. Ra1 Kc7 64. Ra7+
Kb6 65. Ra1 Rxc4 66. Kxd6 Rd4+ 67. Ke5 Kb5 68. Rb1+ Rb4 69. Rc1 Rb3 70. Kd5
Rd3+ 71. Ke4 c4 72. Rb1+ Rb3 73. Rc1 Kb4 74. Rd1 Rb2 75. Kd4 Kb3 76. Ke3 Kc3
77. Rc1+ Kb3 78. Rd1 Rh2 79. Kd4 c3 80. Rb1+ Rb2 81. Rc1 Rd2+ 82. Ke3 Kb2 0-1

[Event "World Rapid 2015"]
[Site "Berlin GER"]
[Date "2015.10.10"]
[Round "4.40"]
[White "Vitiugov, Nikita"]
[Black "Ehlvest, Jaan"]
[Result "1/2-1/2"]
[WhiteElo "2725"]
[BlackElo "2535"]
[PlyCount "59"]
[EventDate "2015.10.10"]
[EventType "rapid"]

1. d4 Nf6 2. c4 b6 3. f3 Nc6 4. e4 e5 5. d5 Bb4+ 6. Bd2 Bxd2+ 7. Qxd2 Ne7 8.
Nc3 d6 9. O-O-O O-O 10. h4 a6 11. Kb1 b5 12. cxb5 axb5 13. Bxb5 Bd7 14. Bc4 Qb8
15. Nge2 Qa7 16. g4 Rfb8 17. h5 Ba4 18. Rc1 Nd7 19. g5 Nc5 20. g6 h6 21. gxf7+
Kxf7 22. f4 Rb4 23. fxe5 Rxc4 24. e6+ Kg8 25. Rhg1 Nxe4 26. Qxh6 Nf5 27. Qg6
Nd2+ 28. Ka1 Nb3+ 29. Kb1 Nd2+ 30. Ka1 1/2-1/2

[Event "World Rapid 2015"]
[Site "Berlin GER"]
[Date "2015.10.10"]
[Round "4.41"]
[White "Shabalov, Alexander"]
[Black "Volokitin, Andrei"]
[Result "1-0"]
[WhiteElo "2522"]
[BlackElo "2639"]
[PlyCount "91"]
[EventDate "2015.10.10"]
[EventType "rapid"]

1. Nf3 c5 2. e3 g6 3. d4 Bg7 4. d5 Nf6 5. Nc3 O-O 6. Be2 e6 7. e4 b5 8. e5 Nxd5
9. Nxd5 exd5 10. Qxd5 Qb6 11. Be3 Bb7 12. Qxc5 Qxc5 13. Bxc5 Rc8 14. Bd4 Rxc2
15. Bxb5 Bxf3 16. gxf3 Nc6 17. Bxc6 Rxc6 18. O-O d6 19. f4 Bh6 20. Rfe1 Bxf4
21. e6 a5 22. Rad1 Re8 23. exf7+ Kxf7 24. Rxe8 Kxe8 25. Bc3 a4 26. Rd4 Be5 27.
Re4 Kf7 28. Bxe5 dxe5 29. Rxa4 Rc2 30. Rb4 Kf6 31. a4 Kf5 32. Kg2 h5 33. h4 g5
34. hxg5 Kxg5 35. a5 e4 36. Rxe4 Rxb2 37. Ra4 Rb7 38. a6 Ra7 39. Kg3 Kf6 40.
Ra5 Ke6 41. Kh4 Kd6 42. Kxh5 Kc6 43. Kg6 Kb6 44. Ra1 Ra8 45. a7 Kb7 46. f4 1-0

[Event "World Rapid 2015"]
[Site "Berlin GER"]
[Date "2015.10.10"]
[Round "4.42"]
[White "Bartel, Mateusz"]
[Black "Handke, Florian"]
[Result "1-0"]
[WhiteElo "2622"]
[BlackElo "2531"]
[PlyCount "103"]
[EventDate "2015.10.10"]
[EventType "rapid"]

1. e4 c5 2. Nf3 Nc6 3. Bb5 Nf6 4. Qe2 g6 5. c3 Bg7 6. O-O O-O 7. d3 d6 8. Ba4
e5 9. Rd1 Re8 10. Nbd2 Bd7 11. Nf1 Nd4 12. cxd4 Bxa4 13. b3 Bb5 14. dxc5 dxc5
15. Bg5 Qd7 16. Bxf6 Bxf6 17. Ne3 Rad8 18. Nd5 Bg7 19. a4 Bc6 20. Ne3 b6 21.
Nc4 Qb7 22. Ne1 Rd7 23. Nc2 Qb8 24. b4 cxb4 25. Nxb4 Bb7 26. Ne3 Qd8 27. Nbd5
Kh8 28. Nc3 Bf8 29. Rab1 Bc5 30. Nb5 Bc6 31. Nc4 a6 32. Nc3 Bd4 33. Rdc1 f5 34.
Ne3 Bxe3 35. Qxe3 Rxd3 36. Qxb6 Rd6 37. Qc5 Bxe4 38. Nxe4 fxe4 39. h3 Qd7 40.
Rb7 Qxb7 41. Qxd6 e3 42. fxe3 Qa7 43. Kh1 Qe7 44. Qxa6 Qg5 45. Rc8 Rxc8 46.
Qxc8+ Kg7 47. Qc1 e4 48. Qc7+ Kf8 49. Qf4+ Qxf4 50. exf4 Ke7 51. Kg1 Kd6 52.
Kf2 1-0

[Event "World Rapid 2015"]
[Site "Berlin GER"]
[Date "2015.10.10"]
[Round "4.43"]
[White "Kravtsiv, Martyn"]
[Black "Gajewski, Grzegorz"]
[Result "1-0"]
[WhiteElo "2621"]
[BlackElo "2654"]
[PlyCount "125"]
[EventDate "2015.10.10"]
[EventType "rapid"]

1. e4 c5 2. Nf3 e6 3. d4 cxd4 4. Nxd4 a6 5. Be2 Nf6 6. Nc3 Qc7 7. O-O Bc5 8.
Be3 d6 9. Qd2 O-O 10. Rad1 b5 11. Bf3 Bb7 12. e5 dxe5 13. Nxe6 fxe6 14. Bxc5
Qxc5 15. Bxb7 Ra7 16. Bf3 Rc7 17. Ne4 Nxe4 18. Bxe4 Nd7 19. Qe2 Nf6 20. Bd3
Rcf7 21. Kh1 e4 22. Bxe4 Nxe4 23. Qxe4 Rxf2 24. Rxf2 Qxf2 25. h3 Qf6 26. c3 e5
27. a4 bxa4 28. Qxa4 h6 29. Qe4 Qf4 30. Qxf4 exf4 31. Kg1 f3 32. g4 Re8 33. Rd2
Re1+ 34. Kf2 Rh1 35. Kg3 a5 36. Rf2 a4 37. Rxf3 Rg1+ 38. Kh2 Rb1 39. Rf2 Rc1
40. Kg3 g5 41. Rf6 a3 42. bxa3 Rxc3+ 43. Rf3 Rc2 44. Re3 Kf7 45. Kf3 Kg6 46.
Ke4 h5 47. Kd5 h4 48. Rf3 Rg2 49. Kc4 Rg3 50. Rb3 Kf6 51. a4 Ke5 52. a5 Rg1 53.
a6 Ra1 54. Kb5 Kf4 55. Kb6 Re1 56. a7 Re6+ 57. Kb7 Re7+ 58. Ka6 Re6+ 59. Rb6
Re8 60. Rb8 Re3 61. a8=Q Ra3+ 62. Kb7 Rxa8 63. Kxa8 1-0

[Event "World Rapid 2015"]
[Site "Berlin GER"]
[Date "2015.10.10"]
[Round "4.44"]
[White "Zvjaginsev, Vadim"]
[Black "Svane, Rasmus"]
[Result "1/2-1/2"]
[WhiteElo "2660"]
[BlackElo "2543"]
[PlyCount "81"]
[EventDate "2015.10.10"]
[EventType "rapid"]

1. e4 e6 2. d3 d5 3. Nd2 Nf6 4. Ngf3 Nc6 5. c3 e5 6. Be2 Bd6 7. O-O O-O 8. exd5
Nxd5 9. Nc4 Re8 10. Nxd6 Qxd6 11. Re1 Bf5 12. Nh4 Be6 13. Bd2 Rad8 14. Bf1 Qe7
15. Nf3 Bg4 16. h3 Bh5 17. d4 e4 18. Qb3 Bxf3 19. gxf3 e3 20. fxe3 Qg5+ 21. Kh1
Re6 22. Bg2 Qg3 23. e4 Nf4 24. Bxf4 Qxf4 25. e5 Rg6 26. Re4 Qd2 27. Rg4 Ne7 28.
Qxb7 Nf5 29. Qxc7 Rf8 30. e6 fxe6 31. Rg1 Qf2 32. Kh2 Rxg4 33. fxg4 Nh4 34. Kh1
Nxg2 35. Rxg2 Qe1+ 36. Kh2 Rf1 37. Qc8+ Kf7 38. Qd7+ Kf8 39. Qd8+ Kf7 40. Qd7+
Kf8 41. Qd8+ 1/2-1/2

[Event "World Rapid 2015"]
[Site "Berlin GER"]
[Date "2015.10.10"]
[Round "4.45"]
[White "Przybylski, Wojciech"]
[Black "Ivanisevic, Ivan"]
[Result "0-1"]
[WhiteElo "2354"]
[BlackElo "2653"]
[PlyCount "56"]
[EventDate "2015.10.10"]
[EventType "rapid"]

1. e4 c5 2. Nf3 Nc6 3. Bb5 b6 4. O-O Bb7 5. Re1 e6 6. b3 Nf6 7. Bb2 Be7 8. e5
Nd5 9. Nc3 Nxc3 10. Bxc3 O-O 11. Qe2 a6 12. Bd3 f5 13. exf6 Bxf6 14. Qe4 g6 15.
Ne5 Nxe5 16. Qxb7 Nc6 17. Bxf6 Rxf6 18. Be4 Ra7 19. Bxc6 Rxb7 20. Bxb7 b5 21.
Bf3 Rf4 22. d3 Qf6 23. a4 bxa4 24. bxa4 a5 25. c4 Qc3 26. Be4 Qb2 27. f3 d5 28.
cxd5 Qd4+ 0-1

[Event "World Rapid 2015"]
[Site "Berlin GER"]
[Date "2015.10.10"]
[Round "4.46"]
[White "Kovalev, Vladislav"]
[Black "Bezold, Michael"]
[Result "1-0"]
[WhiteElo "2546"]
[BlackElo "2509"]
[PlyCount "55"]
[EventDate "2015.10.10"]
[EventType "rapid"]

1. d4 g6 2. e4 Bg7 3. Nc3 d6 4. Be3 a6 5. Qd2 Nd7 6. f4 b5 7. Nf3 Bb7 8. Bd3 e5
9. fxe5 dxe5 10. d5 Ngf6 11. h3 O-O 12. a4 c6 13. dxc6 Bxc6 14. axb5 axb5 15.
O-O b4 16. Ne2 Qe7 17. Ng3 Rfb8 18. Qf2 h6 19. Nd2 Rxa1 20. Rxa1 Ra8 21. Rf1
Nf8 22. Bc5 Qb7 23. Nc4 Ne6 24. Bd6 Ng5 25. Bxe5 Nfxe4 26. Bxe4 Bxe4 27. Bxg7
Kxg7 28. h4 1-0

[Event "World Rapid 2015"]
[Site "Berlin GER"]
[Date "2015.10.10"]
[Round "4.47"]
[White "Breutigam, Martin"]
[Black "Safarli, Eltaj"]
[Result "0-1"]
[WhiteElo "2380"]
[BlackElo "2657"]
[PlyCount "68"]
[EventDate "2015.10.10"]
[EventType "rapid"]

1. Nf3 Nf6 2. c4 c5 3. Nc3 e6 4. g3 Nc6 5. Bg2 d5 6. cxd5 Nxd5 7. O-O Be7 8.
Nxd5 exd5 9. d4 O-O 10. Be3 c4 11. b3 cxb3 12. axb3 Bf5 13. Qd2 Qb6 14. Qa2 Nb4
15. Qa5 Qxa5 16. Rxa5 b6 17. Ra4 a5 18. Ne1 Rfd8 19. f3 b5 20. Ra1 Nc2 21. Nxc2
Bxc2 22. Bf4 Rd7 23. Bh3 Rda7 24. Rfc1 Bxb3 25. e4 a4 26. Bf1 b4 27. Bb5 a3 28.
Bc6 Rd8 29. Kf2 Bc4 30. exd5 Bxd5 31. Bxd5 Rxd5 32. Rc8+ Rd8 33. Rxd8+ Bxd8 34.
Bd6 Be7 0-1

[Event "World Rapid 2015"]
[Site "Berlin GER"]
[Date "2015.10.10"]
[Round "4.48"]
[White "Zepeda, Lorena"]
[Black "Bachmann, Axel"]
[Result "0-1"]
[WhiteElo "2106"]
[BlackElo "2593"]
[PlyCount "102"]
[EventDate "2015.10.10"]
[EventType "rapid"]

1. e4 g6 2. d4 Bg7 3. Nc3 d6 4. Bg5 c6 5. Qd2 b5 6. f4 Nf6 7. Bd3 O-O 8. Nf3
Bg4 9. O-O Qb6 10. Ne2 Nbd7 11. Kh1 Rae8 12. h3 Bxf3 13. Rxf3 d5 14. exd5 cxd5
15. Qb4 Rb8 16. Qxe7 b4 17. a3 Qc7 18. Qe3 Rfe8 19. Qc1 Ne4 20. axb4 Rxb4 21.
c3 Rb6 22. Ng3 Qb8 23. Ra2 Rbe6 24. Bxe4 dxe4 25. Rf1 e3 26. Ne2 Bf6 27. d5 Rd6
28. c4 Nc5 29. Rf3 Nd3 30. Qb1 Nf2+ 31. Kg1 Qb4 32. Bxf6 Rxf6 33. b3 a5 34. Ra4
Qc5 35. Qa1 Ra6 36. f5 Ne4 37. fxg6 hxg6 38. Kh2 Qc7+ 39. Kg1 Nd2 40. Rf6 Nxb3
41. Qc3 Rxf6 42. Qxf6 Qd7 43. Ra3 a4 44. Qc3 Qf5 45. Ng3 Qf2+ 46. Kh2 e2 47.
Nxe2 Rxe2 48. Qg3 Nc5 49. Qb8+ Kg7 50. Rg3 a3 51. d6 Qf4 0-1

[Event "World Rapid 2015"]
[Site "Berlin GER"]
[Date "2015.10.10"]
[Round "4.49"]
[White "Petrosian, Tigran L"]
[Black "Hirneise, Tobias"]
[Result "1/2-1/2"]
[WhiteElo "2625"]
[BlackElo "2457"]
[PlyCount "92"]
[EventDate "2015.10.10"]
[EventType "rapid"]

1. Nf3 c5 2. c4 Nc6 3. Nc3 Nf6 4. g3 d5 5. cxd5 Nxd5 6. Bg2 g6 7. h4 h6 8. O-O
Bg7 9. Nxd5 Qxd5 10. d3 Qd6 11. Bf4 e5 12. Be3 Bd7 13. Nd2 b6 14. Nc4 Qe6 15.
Qd2 Rd8 16. Rac1 Nb4 17. a3 Nd5 18. b4 cxb4 19. axb4 Nxe3 20. Nxe3 O-O 21. Rc7
a6 22. h5 gxh5 23. Rc4 Qg6 24. Rh4 f5 25. Nd5 Qd6 26. Qe3 Bc6 27. Ne7+ Qxe7 28.
Bxc6 f4 29. Rxf4 Rxf4 30. gxf4 Rd4 31. Rc1 Rxf4 32. Bd5+ Kh8 33. Rc8+ Rf8 34.
Rxf8+ Bxf8 35. Kf1 Qg5 36. Qxb6 Qc1+ 37. Kg2 Qg5+ 38. Kf1 Qc1+ 39. Kg2 Qg5+ 40.
Kh1 Qc1+ 41. Kh2 Qf4+ 42. Kh3 Qg4+ 43. Kh2 Qf4+ 44. Kg2 Qg5+ 45. Kh3 Qg4+ 46.
Kh2 Qf4+ 1/2-1/2

[Event "World Rapid 2015"]
[Site "Berlin GER"]
[Date "2015.10.10"]
[Round "4.50"]
[White "Ragger, Markus"]
[Black "Papin, Vasily"]
[Result "1-0"]
[WhiteElo "2698"]
[BlackElo "2502"]
[PlyCount "191"]
[EventDate "2015.10.10"]
[EventType "rapid"]

1. d4 Nf6 2. c4 e6 3. Nf3 b6 4. g3 Ba6 5. b3 b5 6. Nbd2 Bb4 7. Bg2 bxc4 8. bxc4
Bxc4 9. O-O Bd5 10. Qc2 Bxd2 11. Nxd2 Bxg2 12. Kxg2 O-O 13. Ba3 Re8 14. Rac1
Nc6 15. Nb3 Rb8 16. Rfd1 h6 17. e4 Nb4 18. Qb1 Rb6 19. Rc4 Qb8 20. Nc5 Na6 21.
Qc2 Nxc5 22. dxc5 Ra6 23. Rb4 Qa8 24. Bc1 d6 25. Kg1 Rc6 26. Rc4 d5 27. exd5
exd5 28. Ra4 Ne4 29. Be3 Rce6 30. Bd4 Ng5 31. Kg2 Re4 32. h4 Ne6 33. c6 Nxd4
34. Raxd4 Rxd4 35. Rxd4 Re6 36. Rxd5 Qxc6 37. Qxc6 Rxc6 38. Rd8+ Kh7 39. h5 g6
40. hxg6+ Kxg6 41. Rd4 Rc5 42. Kf3 h5 43. Ra4 a5 44. Ke4 c6 45. Kd4 Rd5+ 46.
Ke4 Rc5 47. Kd4 Rf5 48. Ke3 Rb5 49. Rc4 c5 50. Kf3 Rb2 51. Ra4 Rb5 52. Rc4 Kf6
53. a4 Rb3+ 54. Kg2 Rb4 55. Rxc5 Rxa4 56. Rxh5 Kg6 57. Rb5 Ra2 58. g4 Ra3 59.
f3 Ra1 60. Kg3 Rg1+ 61. Kf4 Ra1 62. Rb6+ f6 63. Ra6 Ra4+ 64. Kg3 Ra1 65. f4
Rg1+ 66. Kh3 Rf1 67. Kg3 Rg1+ 68. Kf3 Rf1+ 69. Ke3 Re1+ 70. Kf2 Re7 71. Kf3 Kg7
72. Rxa5 Rb7 73. Ra6 Rb4 74. Kg3 Rb1 75. Ra7+ Kh6 76. f5 Rg1+ 77. Kf3 Rb1 78.
Rf7 Rb3+ 79. Ke4 Rb4+ 80. Kd5 Rb6 81. Ra7 Kg5 82. Kc5 Rb1 83. Rg7+ Kf4 84. Kd6
Re1 85. Re7 Ra1 86. Ke6 Ra6+ 87. Kf7 Kxg4 88. Kg6 Ra5 89. Re4+ Kf3 90. Re6 Kf4
91. Rxf6 Re5 92. Ra6 Re1 93. f6 Rg1+ 94. Kh7 Kf5 95. f7 Rh1+ 96. Rh6 1-0

[Event "World Rapid 2015"]
[Site "Berlin GER"]
[Date "2015.10.10"]
[Round "4.51"]
[White "Dreev, Aleksey"]
[Black "Al-Sayed, Mohammed"]
[Result "1-0"]
[WhiteElo "2644"]
[BlackElo "2520"]
[PlyCount "133"]
[EventDate "2015.10.10"]
[EventType "rapid"]

1. d4 Nf6 2. c4 g6 3. Nc3 Bg7 4. e4 d6 5. f3 O-O 6. Nge2 c5 7. Be3 Nc6 8. d5
Ne5 9. Ng3 e6 10. Be2 exd5 11. cxd5 a6 12. a4 h5 13. O-O Nh7 14. Qd2 h4 15. Nh1
f5 16. Nf2 Bd7 17. Kh1 Re8 18. a5 b5 19. axb6 Qxb6 20. exf5 gxf5 21. Nh3 Ng6
22. Bh6 Bd4 23. Rfe1 Qb4 24. Qc2 Rab8 25. Rab1 Qb3 26. Qxb3 Rxb3 27. Bd2 Reb8
28. Nd1 Ne5 29. Bxa6 Bb5 30. Bxb5 R8xb5 31. Nf4 Kf7 32. Ra1 Nf6 33. Bc3 h3 34.
gxh3 Nxf3 35. Rf1 Nh4 36. Ne2 Bxc3 37. Nexc3 Rb7 38. Ne3 Rxb2 39. Nc4 R7b3 40.
Nxb2 Rxc3 41. Ra4 Nf3 42. Nc4 Ne4 43. Ra3 Rxa3 44. Nxa3 Nd4 45. Nc4 Kf6 46. h4
Kg6 47. Ne3 Nd2 48. Rf2 Ne4 49. Rf4 Nf6 50. Kg2 Nh5 51. Rf1 Kf6 52. Nc4 f4 53.
Kh3 Kf5 54. Nxd6+ Ke5 55. Nc4+ Kxd5 56. Nd2 c4 57. Nxc4 Kxc4 58. Kg4 Nf6+ 59.
Kxf4 Kd5 60. Rd1 Kc5 61. Kg5 Ne4+ 62. Kg6 Nf3 63. h5 Nxh2 64. h6 Ng4 65. h7
Ne5+ 66. Kf5 Nf7 67. Kxe4 1-0

[Event "World Rapid 2015"]
[Site "Berlin GER"]
[Date "2015.10.10"]
[Round "4.52"]
[White "Iturrizaga Bonelli, Eduardo"]
[Black "Richter, Michael"]
[Result "1/2-1/2"]
[WhiteElo "2641"]
[BlackElo "2517"]
[PlyCount "50"]
[EventDate "2015.10.10"]
[EventType "rapid"]

1. Nf3 d5 2. c4 d4 3. b4 a5 4. Bb2 e5 5. Nxe5 axb4 6. e3 dxe3 7. fxe3 Nf6 8.
Be2 Bd6 9. O-O Qe7 10. Nf3 Nbd7 11. Nd4 Qe5 12. g3 Nc5 13. a3 Nce4 14. c5 Nxg3
15. cxd6 Nxf1 16. Qxf1 c5 17. Bb5+ Kf8 18. axb4 Rxa1 19. Bxa1 cxd4 20. Bxd4
Qg5+ 21. Kh1 Qd5+ 22. Kg1 Qg5+ 23. Kh1 Qd5+ 24. Kg1 Qg5+ 25. Kh1 Qd5+ 1/2-1/2

[Event "World Rapid 2015"]
[Site "Berlin GER"]
[Date "2015.10.10"]
[Round "4.53"]
[White "Savchenko, Boris"]
[Black "Stefansson, Hannes"]
[Result "1-0"]
[WhiteElo "2567"]
[BlackElo "2602"]
[PlyCount "107"]
[EventDate "2015.10.10"]
[EventType "rapid"]

1. e4 e5 2. Nf3 Nc6 3. Bb5 a6 4. Ba4 Nf6 5. O-O Be7 6. Re1 b5 7. Bb3 d6 8. c3
O-O 9. d4 Bg4 10. Qd3 exd4 11. cxd4 Nd7 12. Qc3 Na7 13. h3 Bh5 14. Bf4 c5 15.
Nbd2 Rc8 16. Qe3 Nc6 17. Rac1 Qb6 18. d5 Nd4 19. Nxd4 cxd4 20. Qg3 Bg6 21. h4
Nf6 22. Bg5 Rc5 23. Rxc5 Qxc5 24. Nf3 Re8 25. Qf4 h6 26. Bxf6 Bxf6 27. g4 d3
28. h5 Bh7 29. g5 hxg5 30. Nxg5 Qb4 31. Re3 d2 32. Nxh7 Kxh7 33. Qf5+ Kg8 34.
Qg4 Bxb2 35. h6 g6 36. Qd7 Rf8 37. Kg2 Be5 38. Bd1 Qb1 39. Qg4 Kh7 40. Rf3 Kh8
41. Ra3 f5 42. exf5 gxf5 43. Qe2 Rg8+ 44. Kf1 Bh2 45. Qxd2 Qe4 46. Qc3+ Be5 47.
Qf3 Qc4+ 48. Qd3 Qh4 49. Qxf5 b4 50. Re3 Qh1+ 51. Ke2 Qxd5 52. Bc2 Qc4+ 53. Kf3
Qc7 54. Rxe5 1-0

[Event "World Rapid 2015"]
[Site "Berlin GER"]
[Date "2015.10.10"]
[Round "4.54"]
[White "Van Wely, Loek"]
[Black "Tari, Aryan"]
[Result "1-0"]
[WhiteElo "2632"]
[BlackElo "2521"]
[PlyCount "91"]
[EventDate "2015.10.10"]
[EventType "rapid"]

1. d4 Nf6 2. c4 g6 3. Nc3 d5 4. Nf3 Bg7 5. cxd5 Nxd5 6. Bg5 Nxc3 7. bxc3 c5 8.
Qd2 Qa5 9. Rc1 cxd4 10. cxd4 Qxd2+ 11. Kxd2 Nc6 12. d5 Ne5 13. Rc7 Bd7 14. e4
Nxf3+ 15. gxf3 Bd4 16. Be3 Bxe3+ 17. Kxe3 Rb8 18. Kd4 Kd8 19. Rc1 e6 20. d6 Bc6
21. Ke5 Kd7 22. Rd1 f6+ 23. Kxf6 Rhf8+ 24. Ke5 Rxf3 25. Bc4 Re8 26. h4 b5 27.
Bb3 a5 28. Rd2 a4 29. Bd1 Rf5+ 30. exf5 exf5+ 31. Kf4 Bxh1 32. f3 Re6 33. Be2
Rxd6 34. Bxb5+ Ke7 35. Rxd6 Kxd6 36. Bxa4 h6 37. Bd1 Kc5 38. Kg3 g5 39. Kh2
Bxf3 40. Bxf3 Kb4 41. Kg3 Ka3 42. Bd5 f4+ 43. Kg4 Kb4 44. hxg5 hxg5 45. Kxg5
Kc5 46. Bf3 1-0

[Event "World Rapid 2015"]
[Site "Berlin GER"]
[Date "2015.10.10"]
[Round "4.55"]
[White "Sethuraman, S.P."]
[Black "Ghaem Maghami, Ehsan"]
[Result "1-0"]
[WhiteElo "2640"]
[BlackElo "2596"]
[PlyCount "103"]
[EventDate "2015.10.10"]
[EventType "rapid"]

1. e4 e5 2. Nf3 Nc6 3. Bb5 a6 4. Ba4 Nf6 5. O-O Be7 6. Re1 b5 7. Bb3 d6 8. c3
O-O 9. h3 Na5 10. Bc2 c5 11. d4 cxd4 12. cxd4 Be6 13. Nc3 Rc8 14. d5 Bd7 15.
Bd3 Nb7 16. a3 h6 17. Bf1 Nh7 18. Be3 Ng5 19. Nd2 f5 20. exf5 Bxf5 21. Rc1 Nc5
22. Bxc5 Rxc5 23. b4 Rc8 24. Qe2 Qb6 25. Qe3 Bd8 26. a4 Qb8 27. a5 Rc7 28. Nce4
Nxe4 29. Nxe4 Bxe4 30. Qxe4 Qa7 31. Bd3 Qxf2+ 32. Kh1 Rxc1 33. Rxc1 Rf7 34. Rc8
Rf8 35. Rc1 Rf6 36. Rc8 Rf8 37. Qh7+ Kf7 38. Rc1 Qg3 39. Qf5+ Kg8 40. Qh7+ Kf7
41. Bf5 Qg5 42. Be6+ Ke7 43. Qc2 g6 44. Qc6 Kf6 45. Re1 Be7 46. Qxa6 Qd2 47.
Rg1 Qd3 48. Qa7 e4 49. Re1 Re8 50. Qf2+ Ke5 51. Qf7 Qd2 52. Rg1 1-0

[Event "World Rapid 2015"]
[Site "Berlin GER"]
[Date "2015.10.10"]
[Round "4.57"]
[White "Huzman, Alexander"]
[Black "Kunin, Vitaly"]
[Result "1/2-1/2"]
[WhiteElo "2580"]
[BlackElo "2556"]
[PlyCount "137"]
[EventDate "2015.10.10"]
[EventType "rapid"]

1. d4 d5 2. c4 dxc4 3. e3 Be6 4. Nf3 Nf6 5. Nc3 h6 6. Ne5 c6 7. Nxc4 Nbd7 8. e4
Bxc4 9. Bxc4 e6 10. O-O Be7 11. e5 Nd5 12. Qg4 g6 13. Ne4 Qb6 14. Rd1 O-O-O 15.
Qf3 Rdf8 16. a3 Kb8 17. b4 Ka8 18. Rb1 f6 19. exf6 N7xf6 20. Nc5 e5 21. Bb2 e4
22. Nxe4 Nh5 23. Qb3 Ndf4 24. g3 Nh3+ 25. Kg2 Ng5 26. Nxg5 hxg5 27. Qe3 Qc7 28.
d5 Nf6 29. Qe2 Rh7 30. h3 cxd5 31. Bxd5 Nxd5 32. Rxd5 Qc8 33. g4 Rhf7 34. Rc1
Rxf2+ 35. Qxf2 Rxf2+ 36. Kxf2 Qf8+ 37. Kg2 a6 38. Rc7 Bd6 39. Rc4 Qe8 40. Rd2
Bb8 41. Rc3 Qe5 42. Rcd3 Qh2+ 43. Kf1 Qh1+ 44. Ke2 Bf4 45. Rd8+ Ka7 46. Bd4+ b6
47. Be3 Qg2+ 48. Kd1 Qf1+ 49. Kc2 Qc4+ 50. Kb2 Be5+ 51. Bd4 Qc7 52. Rd5 Bxd4+
53. R2xd4 Qh2+ 54. Rd2 Qf4 55. Rd7+ Kb8 56. Re2 Kc8 57. Rd3 Qf6+ 58. Kc2 Qf7
59. Rc3+ Kb7 60. Kb2 Qf6 61. Rec2 b5 62. Rd2 Qe5 63. Rdd3 Qe2+ 64. Kc1 Qe1+ 65.
Kc2 Qe2+ 66. Rd2 Qe4+ 67. Kb2 Qe5 68. Rdc2 Kb6 69. Kb1 1/2-1/2

[Event "World Rapid 2015"]
[Site "Berlin GER"]
[Date "2015.10.10"]
[Round "4.58"]
[White "Sanal, Vahap"]
[Black "Bocharov, Dmitry"]
[Result "0-1"]
[WhiteElo "2501"]
[BlackElo "2560"]
[PlyCount "91"]
[EventDate "2015.10.10"]
[EventType "rapid"]

1. e4 c5 2. Nf3 e6 3. d4 cxd4 4. Nxd4 a6 5. Nc3 Qc7 6. g3 Nf6 7. Bg2 Bb4 8. Qd3
d6 9. a3 Bxc3+ 10. bxc3 Nbd7 11. O-O O-O 12. f4 Nc5 13. Qe2 e5 14. fxe5 dxe5
15. Nf5 Bxf5 16. exf5 h6 17. a4 Rac8 18. g4 e4 19. Bf4 Qe7 20. c4 Rfe8 21. h4
Nh7 22. Bg3 Nd7 23. Rad1 Qc5+ 24. Bf2 Qc7 25. Rd4 Ndf6 26. Be1 Qe5 27. c3 Rcd8
28. Bf2 Qa5 29. Rfd1 Rc8 30. Be3 Qxc3 31. Kf2 h5 32. gxh5 Qa5 33. Bh3 Qxa4 34.
h6 gxh6 35. Bxh6 Kh8 36. Bg5 Rg8 37. Rd6 Nxg5 38. hxg5 Nh7 39. g6 e3+ 40. Qxe3
Qxc4 41. gxh7 Qh4+ 42. Kf1 Rg3 43. Rh6 Qc4+ 44. Qe2 Qf4+ 45. Qf2 Rf3 46. Rhd6
0-1

[Event "World Rapid 2015"]
[Site "Berlin GER"]
[Date "2015.10.10"]
[Round "4.61"]
[White "Krnan, Tomas"]
[Black "Shchekachev, Andrei"]
[Result "0-1"]
[WhiteElo "2440"]
[BlackElo "2531"]
[PlyCount "74"]
[EventDate "2015.10.10"]
[EventType "rapid"]

1. e4 c5 2. Nf3 e6 3. d4 cxd4 4. Nxd4 a6 5. Bd3 Bc5 6. Nb3 Be7 7. Qg4 g6 8. Qe2
d6 9. O-O Nd7 10. Nc3 b6 11. f4 Bb7 12. Kh1 Qc7 13. Bd2 Ngf6 14. Rae1 h5 15.
Nd4 h4 16. Nf3 h3 17. g3 Nc5 18. b4 Nxd3 19. cxd3 Qd7 20. Be3 d5 21. Bd4 dxe4
22. Nxe4 Nxe4 23. dxe4 O-O 24. a3 a5 25. Ba1 axb4 26. Ne5 Qa4 27. Qg4 bxa3 28.
Nf3 Bxe4 29. Qxh3 e5 30. Bxe5 f6 31. Ba1 Qc6 32. g4 Rf7 33. Bd4 a2 34. Kg1 Ra3
35. Be3 a1=Q 36. Rxa1 Rxe3 37. Rfc1 Bc5 0-1

[Event "World Rapid 2015"]
[Site "Berlin GER"]
[Date "2015.10.10"]
[Round "4.62"]
[White "Rasmussen, Allan Stig"]
[Black "Ladva, Ottomar"]
[Result "1/2-1/2"]
[WhiteElo "2498"]
[BlackElo "2423"]
[PlyCount "130"]
[EventDate "2015.10.10"]
[EventType "rapid"]

1. Nf3 d5 2. e3 Nf6 3. c4 e6 4. Nc3 c5 5. d4 a6 6. a3 dxc4 7. Bxc4 b5 8. Ba2
Bb7 9. O-O cxd4 10. exd4 Be7 11. Re1 O-O 12. Bg5 Nbd7 13. Ne5 Nxe5 14. dxe5 Nd7
15. Bf4 Nc5 16. Qg4 h5 17. Qxh5 Nd3 18. Rad1 Nxf4 19. Rxd8 Nxh5 20. Rd7 Bxa3
21. bxa3 Rab8 22. Ne4 Nf4 23. g3 Nh3+ 24. Kg2 Ng5 25. Rxb7 Rxb7 26. Nxg5 Rd8
27. Ne4 Rc7 28. Re3 Rd4 29. Bb3 a5 30. Nd6 Rc5 31. Nb7 Rc6 32. Nxa5 Ra6 33. Nb7
Rxa3 34. Nc5 Kf8 35. h4 Ke7 36. f4 b4 37. Kf3 Rd8 38. g4 Rc8 39. Ne4 Rc1 40.
Nd2 Rh1 41. h5 Rh2 42. Nf1 Rb2 43. Bc4 Rc2 44. Bb3 Rb2 45. Bd1 b3 46. Rd3 Rb1
47. Ne3 b2 48. Rxa3 Rxd1 49. Nxd1 b1=Q 50. Nf2 Qb7+ 51. Kg3 Kf8 52. Rd3 Kg8 53.
g5 Qa7 54. g6 fxg6 55. hxg6 Kf8 56. Kg2 Qa8+ 57. Kg3 Qe8 58. Kf3 Qxg6 59. Rd6
Qh5+ 60. Ke3 Ke7 61. Ne4 Qh3+ 62. Ke2 Qg2+ 63. Ke3 Qg1+ 64. Ke2 Qg2+ 65. Ke3
Qg1+ 1/2-1/2